Potreba a možnosti vybudovania informačného a riadiaceho systému železničnej nákladnej dopravy v podmienkach ŽSR

Bibliographic Details
Main Author: Polakovič, Pavel (Author)
Format: Article
Language:Slovak
PhysicalDescription:Res. angl., nem., lit. 2 zázn. v slov.
ISBN:8071001430
Subjects:

MARC

LEADER 00000nab a2200000 a 4500
001 vtls000543503
003 SK-MaSNL
005 20260304231334.0
008 150430c1993 xo 0 slo
015 |a SNBRA19rr/mm-uuuuu 
035 |a CL0543641 
040 |a SNKBUCL  |b slo  |c SNKBUCL  |e AACR2 
041 0 |a slo 
044 |a xo  |c SK 
080 |a 656.225(437.6):002.6:681.5  |2 1981 
080 |a 002.6  |2 1981 
080 |a 681.5  |2 1981 
100 1 |a Polakovič, Pavel  |4 aut  |9 783413 
245 1 0 |a Potreba a možnosti vybudovania informačného a riadiaceho systému železničnej nákladnej dopravy v podmienkach ŽSR  |c Pavel Polakovič 
300 |b Res. angl., nem., lit. 2 zázn. v slov. 
610 2 7 |a Železnice Slovenskej republiky  |2 snkbucl  |9 29931 
650 0 7 |a nákladná železničná doprava  |2 snkbucl  |9 58152 
650 0 7 |a riadiace systémy  |2 snkbucl  |9 20165 
650 0 7 |a informačné systémy  |2 snkbucl  |9 1128 
651 7 |a 5100  |2 snkbucl  |9 166206 
655 7 |a články zo zborníkov  |2 snkbucl  |9 166140 
773 0 |t Deviata medzinárodná vedecká konferencia  |d Žilina : Vysoká škola dopravy a spojov, 1993  |g S. 109-115  |z 8071001430 
850 |a Slovenská národná knižnica v Martine  |a MTA001 
852 |a SNK  |b KIS3GCP 
958 |a RK 
958 |a SK 
992 |a RZB 
999 |c 3188331  |d 3190261